000 00503nam a22001937a 4500
999 _c2605
_d2605
003 OSt
005 20191211142609.0
008 151118b xxu||||| |||| 00| 0 eng d
020 _a0333660927
040 _c040a
082 _a515 DYK 1998
100 _aDyke, Phil
_96202
245 _aAdvanced Calculus
260 _aLondon
_bMacmillan press
_c1998
300 _aviii, 183p;
_bill :
_c15 cm
504 _aincludes bibliographical references and index
650 _aCalculus
_9764
942 _2ddc
_cSLOAN